| 000 -LEADER |
| fixed length control field |
00854cam a22002654a 4500 |
| 001 - CONTROL NUMBER |
| control field |
3571 |
| 003 - CONTROL NUMBER IDENTIFIER |
| control field |
BD-DhUAP |
| 005 - DATE AND TIME OF LATEST TRANSACTION |
| control field |
20200128154939.0 |
| 008 - FIXED-LENGTH DATA ELEMENTS--GENERAL INFORMATION |
| fixed length control field |
200128s1997 enka 001 0 eng |
| 020 ## - INTERNATIONAL STANDARD BOOK NUMBER |
| International Standard Book Number |
0077094123 |
| 040 ## - CATALOGING SOURCE |
| Original cataloging agency |
DLC |
| Transcribing agency |
DLC |
| Modifying agency |
BD-DhUAP |
| Language of cataloging |
Eng |
| 082 00 - DEWEY DECIMAL CLASSIFICATION NUMBER |
| Classification number |
330 BEG |
| Edition number |
23 |
| 100 ## - MAIN ENTRY--PERSONAL NAME |
| Personal name |
Begg, David. |
| 245 10 - TITLE STATEMENT |
| Title |
Economics / |
| Statement of responsibility, etc. |
David Begg, Fischer Stanley and Rudiger Dornbusch. |
| 250 ## - EDITION STATEMENT |
| Edition statement |
5th ed. |
| 260 ## - PUBLICATION, DISTRIBUTION, ETC. |
| Place of publication, distribution, etc. |
London : |
| Name of publisher, distributor, etc. |
McGraw-Hill, |
| Date of publication, distribution, etc. |
c1997. |
| 300 ## - PHYSICAL DESCRIPTION |
| Extent |
x, 634 pages : |
| Other physical details |
illustrations ; |
| Dimensions |
29 cm. |
| 500 ## - GENERAL NOTE |
| General note |
Includes index. |
| 650 #0 - SUBJECT ADDED ENTRY--TOPICAL TERM |
| Topical term or geographic name entry element |
Economics. |
| 700 ## - ADDED ENTRY--PERSONAL NAME |
| Personal name |
Stanley, Fischer. |
| 700 ## - ADDED ENTRY--PERSONAL NAME |
| Personal name |
Dornbusch, Rudiger. |
| 906 ## - LOCAL DATA ELEMENT F, LDF (RLIN) |
| a |
7 |
| b |
cbc |
| c |
orignew |
| d |
1 |
| e |
ocip |
| f |
20 |
| g |
y-gencatlg |
| 942 ## - ADDED ENTRY ELEMENTS (KOHA) |
| Source of classification or shelving scheme |
|
| Koha item type |
Book |